00338nam a2200121Ia 4500100002500000942000700025654001100032245003000043260003000073546001200103999001700115952008400132 aBhide S.D./ Tokekar  cBK alinear aLinear Circuits Analysis bTechnical PubaPunec1993 aENGLISH c33493d33493 001040708CRCaCRCEbCRCEd2023-03-17l0o p7328r2023-03-17w2023-03-17yBK